[Event "Casino op 3rd"]
[Site "Velden"]
[Date "1995.??.??"]
[Round "9"]
[White "Gepperth, Heinz"]
[Black "Kranzl, Erich"]
[Result "1/2-1/2"]
[WhiteElo "1646"]
[BlackElo "1604"]
[PlyCount "33"]
[EventDate "1995.06.30"]
[EventType "swiss"]
[EventRounds "9"]
[EventCountry "AUT"]
[SourceTitle "EXT 2022"]
[Source "ChessBase"]
[SourceDate "2021.10.06"]
[SourceVersion "1"]
[SourceVersionDate "2021.10.06"]
[SourceQuality "1"]

1. d4 Nf6 2. c4 g6 3. Nc3 Bg7 4. e4 d6 5. f3 0-0 6. Be3 e5 7. d5 Nbd7 8. Qd2 a5 9. h4 Nh5 10. Bh6 Nc5 11. Nge2 f5 12. 0-0-0 f4 13. Bxg7 Kxg7 14. Nb5 Rf6 15. Kb1 Bd7 16. Kc1 Qc8 17. Kb1 1/2-1/2